The comparative study of economic growth and structure (Record no. 480740)

000 -LEADER
fixed length control field 00477cam a22001337a 4500
008 - FIXED-LENGTH DATA ELEMENTS--GENERAL INFORMATION
fixed length control field 180718b1959 xxu||||| |||| 00| 0 eng d
082 ## - DEWEY DECIMAL CLASSIFICATION NUMBER
Classification number T000 N213e
245 ## - TITLE STATEMENT
Title The comparative study of economic growth and structure
Statement of responsibility, etc. by National Bureau of Economic Research, U.S.A.
260 ## - PUBLICATION, DISTRIBUTION, ETC.
Place of publication, distribution, etc. New York
Name of publisher, distributor, etc. National Bureau of Econoic Research
Date of publication, distribution, etc. 1959
300 ## - PHYSICAL DESCRIPTION
Extent 201p.
500 ## - GENERAL NOTE
General note $3.00
650 ## - SUBJECT ADDED ENTRY--TOPICAL TERM
Topical term or geographic name entry element Economic development --Congresses
700 ## - ADDED ENTRY--PERSONAL NAME
Personal name U.S.A. National Bureau of Econoic Research
Holdings
Withdrawn status Lost status Damaged status Not for loan Permanent Location Current Location Date acquired Full call number Barcode Date last seen Price effective from Koha item type
        Indian Institute of Public Administration Indian Institute of Public Administration 2018-08-04 T000 N213e GR3006 2018-08-04 2018-08-04 GR

Powered by Koha